| 000 | 00000nam 2200000za 4500 |
| 001 | 9.643871 |
| 003 | CaOODSP |
| 005 | 20240624082233 |
| 007 | cr ||||||||||| |
| 008 | 150407|1965||||xxc|||||o f|0| 0 fre d |
| 040 | |aCaOODSP|bfre |
| 043 | |an-cn--- |
| 086 | 1 |aCP32-114/1965F-PDF |
| 086 | 1 |aZ1-1964/2F-PDF |
| 245 | 00|aEnquête publique spéciale 1964 - rapport du commissaire l'honorable Frédéric Dorion, juge en chef de la Cour supérieure pour la province de Québec |h[ressource électronique]. |
| 260 | |aOttawa : |bBureau du Conseil privé |c1965. |
| 300 | |a155 p. |
| 500 | |aPublication historique numérisée en 2010 par le Bureau du Conseil privé du Canada. |
| 590 | |a15-04-Supp|b2015-03-19 |
| 691 | 07|aCommission d'enquête|2gcpds |
| 691 | 07|aEnquête criminelle|2gcpds |
| 710 | 1 |aCanada. |bBureau du Conseil privé. |
| 775 | 08|tSpecial Public Inquiry 1964 - report of the commissioner, the Honourable Frederic Dorion, Chief Justice of the Superior Court for the Province of Quebec |w(CaOODSP)9.700000 |
| 856 | 40|ahttp://publications.gc.ca|qPDF|s6.0 Mo|uhttps://publications.gc.ca/collections/collection_2014/bcp-pco/CP32-114-1965-fra.pdf |